000 00596nam a2200193 4500
001 132577
003 ES-MaACL
005 20240212164755.0
007 t|
008 070214s1951 sp r ||||1| spa d
245 0 0 _aRomancero español /
_cestudio preliminar por Gonzálo Menéndez Pidal.
260 _aBarcelona :
_bExito,
_c1951.
300 _aLV, 279 p., 1 lám. ;
_c21 cm.
490 1 _aClásicos Jackson ;
_v3
700 1 _aMenéndez Pidal, Gonzalo,
_d1911-2008
_980312
830 0 _aClásicos Jackson ;
_v3
_9186380
852 _aES-MaACL
_jD-8203
_bR.32663
999 _c132577
_d132577